"Антропологизация" как фактор проблематизации в познании; Известия Томского политехнического университета [Известия ТПУ]; Т. 309, № 1

Bibliografiske detaljer
Parent link:Известия Томского политехнического университета [Известия ТПУ]/ Томский политехнический университет (ТПУ).— , 2000-
Т. 309, № 1.— 2006.— [С. 217-220]
Hovedforfatter: Ардашкин И. Б. Игорь Борисович
Summary:Заглавие с титульного листа
Электронная версия печатной публикации
Рассматривается процесс антропологизации познания через способы проблематизации знания. Делается вывод, что онтологический плюрализм требует соответствующего способа совмещения разных начал, проблематизация которых осуществляется на основе способностей человека познавать мир. Принцип дополнительности и антропный принцип выражают указанные особенности проблематизации знаний человека.
Sprog:russisk
Udgivet: 2006
Serier:Социально-экономические и гуманитарные науки
Fag:
Online adgang:http://www.lib.tpu.ru/fulltext/v/Bulletin_TPU/2006/v309/i1/49.pdf
Format: Electronisk Book Chapter
KOHA link:https://koha.lib.tpu.ru/cgi-bin/koha/opac-detail.pl?biblionumber=171130

MARC

LEADER 00000nla2a2200000 4500
001 171130
005 20231225134726.0
035 |a (RuTPU)RU\TPU\book\185586 
035 |a RU\TPU\book\185583 
090 |a 171130 
100 |a 20091201d2006 k y0rusy50 ca 
101 0 |a rus 
102 |a RU 
135 |a drnn ---uucaa 
181 0 |a i  
182 0 |a b 
200 1 |a "Антропологизация" как фактор проблематизации в познании  |f И. Б. Ардашкин 
203 |a Текст  |c электронный 
215 |a 1 файл (123 Кб) 
225 1 |a Социально-экономические и гуманитарные науки 
300 |a Заглавие с титульного листа 
300 |a Электронная версия печатной публикации 
320 |a [Библиогр.: с. 220 (5 назв.)] 
330 |a Рассматривается процесс антропологизации познания через способы проблематизации знания. Делается вывод, что онтологический плюрализм требует соответствующего способа совмещения разных начал, проблематизация которых осуществляется на основе способностей человека познавать мир. Принцип дополнительности и антропный принцип выражают указанные особенности проблематизации знаний человека. 
337 |a Adobe Reader 
461 1 |0 (RuTPU)RU\TPU\book\176237  |t Известия Томского политехнического университета [Известия ТПУ]  |f Томский политехнический университет (ТПУ)  |d 2000- 
463 1 |0 (RuTPU)RU\TPU\book\185489  |t Т. 309, № 1  |v [С. 217-220]  |d 2006  |p 267 с. 
610 1 |a антропологизация 
610 1 |a проблематизация 
610 1 |a познание 
610 1 |a знания 
610 1 |a онтологический плюрализм 
610 1 |a человек 
610 1 |a принцип дополнительности 
610 1 |a антропный принцип 
610 1 |a труды учёных ТПУ 
610 1 |a электронный ресурс 
700 1 |a Ардашкин  |b И. Б.  |c философ  |c профессор Томского политехнического университета, доктор философских наук  |f 1972-  |g Игорь Борисович  |3 (RuTPU)RU\TPU\pers\25417  |9 11359 
801 1 |a RU  |b 63413507  |c 20090623  |g PSBO 
801 2 |a RU  |b 63413507  |c 20211014  |g PSBO 
856 4 |u http://www.lib.tpu.ru/fulltext/v/Bulletin_TPU/2006/v309/i1/49.pdf 
942 |c CF